[Event "Wch U16"]
[Site "Menorca"]
[Date "1996.??.??"]
[Round "7"]
[White "Smetankin, Stanislav"]
[Black "Ibrahimov, Rasul"]
[Result "1-0"]
[WhiteElo "2385"]
[BlackElo "2280"]

1.e4 c5 2.Nf3 d6 3.d4 cxd4 4.Nxd4 Nf6 5.Nc3 a6 6.g3 e5 7.Nde2 Be7 8.Bg2 O-O
9.O-O Nbd7 10.h3 b5 11.a3 Bb7 12.g4 Nb6 13.Nd5 Nfxd5 14.exd5 Rc8 15.b3 Bg5
16.Bb2 Qc7 17.Bc3 Nd7 18.a4 Qc5 19.axb5 axb5 20.Qd3 Nf6 21.Ra5 e4 22.Qd4 Qxd4
23.Bxd4 Rxc2 24.Ng3 Bxd5 25.Rxb5 Bc6 26.Rxg5 h6 27.Ra5 d5 28.Nf5 Kh7 29.Bxf6 gxf6
30.Nd4  1-0

[Event "Wch U16"]
[Site "Menorca"]
[Date "1996.??.??"]
[Round "10"]
[White "Acs, Peter"]
[Black "Moiseenko, Alexander"]
[Result "1/2-1/2"]
[WhiteElo "2410"]
[BlackElo "2390"]

1.e4 c5 2.Nf3 d6 3.d4 cxd4 4.Nxd4 Nf6 5.Nc3 a6 6.g3 e5 7.Nde2 Be7 8.Bg2 O-O
9.O-O b5 10.a3 Bb7 11.h3 Nbd7 12.Bg5 Rc8 13.Re1 Qc7 14.Qd3 Rfd8 15.Bxf6 Bxf6
16.h4 Nb6 17.Rac1 Qc5 18.Red1 g6 19.Rb1 Be7 20.Nc1 Na4 21.N1a2 Nb6 22.Nb4 a5
23.Nbd5 Bxd5 24.Nxd5 Nxd5 25.Qxd5 b4 26.axb4 axb4 27.Rbc1 Qxd5 28.Rxd5 Rc4
29.c3 Rdc8 30.Rd3 R8c6 31.Kf1 Bf8 32.Ke2 Bh6 33.Rcd1 bxc3 34.Rxc3 Rxc3 35.bxc3 Rxc3
36.Rxd6  1/2-1/2

[Event "Moravia-ch op"]
[Site "Moravia"]
[Date "1996.??.??"]
[Round "?"]
[White "Rotshtein, Efim"]
[Black "Michalski, Olaf"]
[Result "1-0"]
[WhiteElo "2310"]
[BlackElo "2305"]

1.e4 c5 2.Nf3 d6 3.d4 cxd4 4.Nxd4 Nf6 5.Nc3 a6 6.g3 e6 7.Bg2 Be7 8.O-O O-O
9.h3 Bd7 10.Be3 Nc6 11.Nde2 b5 12.f4 Rc8 13.g4 Na5 14.g5 Ne8 15.b3 b4 16.Nb1 Qc7
17.c4 d5 18.cxd5 exd5 19.exd5 Nd6 20.Nd4 Nf5 21.Nxf5 Bxf5 22.Nd2 Qc3 23.Re1 Qb2
24.Rc1 Bc2 25.Qf3 f5 26.d6 Bd8 27.Qd5+ Kh8 28.Bd4 Rc3 29.Qe5 Rg8 30.Qxg7+  1-0

[Event "Moscow IM2"]
[Site "Moscow"]
[Date "1996.??.??"]
[Round "?"]
[White "Kedrov, Valery V"]
[Black "Yuferov, Sergey  N"]
[Result "0-1"]
[WhiteElo "2385"]
[BlackElo "2440"]

1.e4 c5 2.Nf3 Nf6 3.Nc3 d6 4.d4 cxd4 5.Nxd4 a6 6.g3 e5 7.Nb3 Be7 8.Bg5 Nbd7
9.Bg2 O-O 10.O-O h6 11.Bxf6 Nxf6 12.Qd2 Qb6 13.Nd5 Nxd5 14.Qxd5 Be6 15.Qa5 Qc6
16.Rac1 Rfc8 17.Qd2 a5 18.Kh1 a4 19.Na1 Bxa2 20.c3 Qb6 21.Rfd1 Ra5 22.Qe2 Bg5
23.Rc2 Bb3 24.Qg4 Be6 25.Qe2 Rac5 26.h4 Be7 27.Rcd2 a3 28.bxa3 Rxc3 29.Nc2 Qa6
30.Qxa6 bxa6 31.Nb4 Rxa3 32.Nd5 Bd8 33.Rb1 a5 34.Rb7 Ra8 35.Rdb2 Ra1+ 36.Kh2 Rc1
37.f4 a4 38.f5 Bxd5 39.exd5 a3 40.Ra2 Rc3 41.Rd7 Bc7 42.f6 gxf6 43.Rf2 Rd8  0-1

[Event "RUS-Cup2"]
[Site "Moscow"]
[Date "1996.??.??"]
[Round "5"]
[White "Jakovlev, Denis"]
[Black "Mitenkov, Alexey"]
[Result "0-1"]
[WhiteElo "2235"]
[BlackElo "2470"]

1.e4 c5 2.Nf3 d6 3.d4 cxd4 4.Nxd4 Nf6 5.Nc3 a6 6.g3 e5 7.Nde2 Nbd7 8.Bg2 b5
9.a4 b4 10.Nd5 Nxd5 11.exd5 a5 12.O-O Be7 13.c3 bxc3 14.Nxc3 Ba6 15.Re1 O-O
16.Bf1 Bxf1 17.Rxf1 f5 18.Nb5 Nf6 19.b4 Qd7 20.Qb3 axb4 21.Bd2 f4 22.Bxb4 Qh3
23.Qf3 e4 24.Qg2 Qh5 25.f3 fxg3 26.fxe4 Nxe4 27.hxg3 Ng5 28.g4 Qh4 29.Ra3 Rxf1+
30.Kxf1 Rf8+ 31.Ke2 Rf4 32.Bxd6 Rxg4 33.Qf2 Re4+ 34.Re3 Qg4+ 35.Kd2 Bf6 36.Qe2 Qf5
37.Nc3 Bxc3+ 38.Kxc3 Rxe3+ 39.Qxe3 Ne4+ 40.Kb4 Nxd6 41.Kc5 Ne4+ 42.Kd4 Nf6
43.Qb3 h5  0-1

[Event "JUG-chT"]
[Site "Niksic"]
[Date "1996.??.??"]
[Round "?"]
[White "Marinkovic, Ivan"]
[Black "Sibarevic, Milenko"]
[Result "1/2-1/2"]
[WhiteElo "2505"]
[BlackElo "2350"]

1.e4 c5 2.Nc3 d6 3.Nf3 a6 4.d4 cxd4 5.Nxd4 Nf6 6.g3 e6 7.Bg2 Be7 8.O-O Qc7
9.Nce2 O-O 10.b3 Bd7 11.c4 Nc6 12.Bb2 Rac8 13.a4 Rfd8 14.Qd2 Be8 15.Rfd1 Nd7
16.Nxc6 bxc6 17.b4 Rb8 18.Rdc1 h6 19.Rab1 Qb7 20.Ba1 Qa7 21.Qe1 Bf6 22.Bxf6 Nxf6
23.h3 d5 24.exd5 cxd5 25.cxd5 Nxd5 26.b5 axb5 27.axb5 Bxb5 28.Nc3 Nxc3 29.Rxc3 Bd3
30.Rxb8 Qxb8 31.Qe3 Qd6 32.h4 Bf5 33.Bf3 Qd4 34.Qxd4 Rxd4 35.Kg2 g5 36.hxg5 hxg5
37.Be2 Kg7 38.Kf3 Kf6 39.Ke3 Re4+ 40.Kd2 Ra4 41.Ke3 g4 42.Bd3 Bxd3 43.Rxd3 Kf5
44.Rb3 Re4+ 45.Kd3 Re5 46.Rb4 f6 47.Ra4 Kg5 48.Ra6 f5 49.Kd2 f4 50.gxf4+ Kxf4
51.Ra3 Re4 52.Rb3 e5 53.Ra3 Rb4 54.Ke2 Rb1 55.Ra4+ Kf5 56.Ra3 Rh1 57.Ra8 Rb1
58.Rf8+ Ke4 59.Rg8  1/2-1/2

[Event "JUG-ch op"]
[Site "Nis"]
[Date "1996.??.??"]
[Round "8"]
[White "Cabrilo, Goran"]
[Black "Vaulin, Alexander"]
[Result "1/2-1/2"]
[WhiteElo "2490"]
[BlackElo "2480"]

1.e4 c5 2.Nf3 d6 3.d4 cxd4 4.Nxd4 Nf6 5.Nc3 a6 6.g3 e5 7.Nb3 Be7 8.Bg2 O-O
9.O-O Nbd7 10.a4 b6 11.Qe2 Bb7 12.Bg5 h6 13.Bxf6 Nxf6 14.Rfd1 Qc7 15.Nd2 Bc6
16.Nf1 b5 17.axb5 axb5  1/2-1/2

[Event "Oberwart op"]
[Site "Oberwart"]
[Date "1996.??.??"]
[Round "7"]
[White "Suetin, Alexey S"]
[Black "Wohlfahrt, Herbert J"]
[Result "1/2-1/2"]
[WhiteElo "2420"]
[BlackElo "2235"]

1.e4 c5 2.Nf3 d6 3.d4 cxd4 4.Nxd4 Nf6 5.Nc3 a6 6.g3 e6 7.Bg2 Be7 8.O-O O-O
9.b3 Bd7 10.Bb2 Nc6 11.Nce2 Rc8 12.c4 Nxd4 13.Nxd4 b5 14.cxb5 axb5 15.Qd2 Qb6
16.Rac1 Rfe8 17.Rfe1 Rc5 18.Nc2 Rcc8 19.Nb4 Rxc1 20.Rxc1 Rc8 21.Rxc8+ Bxc8
22.Bd4 Qc7 23.f3 Bd7 24.Bf1 Be8 25.Be2 Qb7 26.Qc3 Bd8 27.Kg2 Bd7 28.Qd2 Ne8
29.Bc3 Bb6 30.Nc2 Ba7 31.Bd4 Bb8 32.Bf2 Nf6 33.Qc3 h6 34.Bd3 Be8 35.Nb4 Bd7
36.Bc2 Bc7 37.Nd3 Bc6 38.Nb4 Be8 39.Qd4 Nd7 40.Nd3 Nb6 41.Qc3 Bd8 42.Bd4 e5
43.Bf2 Bd7 44.Nb4 Nc8 45.Qd3 Bb6 46.Qe2 Bc5 47.Nd3 Bb6 48.Qd2 Qa7 49.Bxb6 Nxb6
50.Nb4 Qc7 51.Bb1 Qc5 52.Nd3 Qd4 53.Qf2 Qxf2+ 54.Kxf2 Kf8 55.Ke3 Ke7 56.Kd2 Kd8
57.Bc2 Kc7 58.Kc3 Nc8 59.a4 bxa4 60.bxa4 Ne7 61.Bb3 f5 62.exf5  1/2-1/2

[Event "Paris op"]
[Site "Paris"]
[Date "1996.??.??"]
[Round "7"]
[White "Inkiov, Ventzislav"]
[Black "Barczay, Laszlo"]
[Result "1-0"]
[WhiteElo "2500"]
[BlackElo "2400"]

1.e4 c5 2.Nf3 d6 3.d4 cxd4 4.Nxd4 Nf6 5.Nc3 a6 6.g3 b6 7.Bg2 Bb7 8.O-O e6
9.Re1 Qc8 10.Nd5 Nbd7 11.Bg5 h6 12.Bxf6 gxf6 13.Bh3 h5 14.Re3 Rg8 15.Rf3 Be7
16.Bxe6 fxe6 17.Nxe6 Nf8 18.Rf5 Nxe6 19.Qxh5+ Kd8 20.Qf7 Rg7  1-0

[Event "Paris op"]
[Site "Paris"]
[Date "1996.??.??"]
[Round "8"]
[White "Korneev, Oleg"]
[Black "Palac, Mladen"]
[Result "0-1"]
[WhiteElo "2590"]
[BlackElo "2545"]

1.e4 c5 2.Nf3 d6 3.d4 cxd4 4.Nxd4 Nf6 5.Nc3 a6 6.g3 e6 7.Bg2 Qc7 8.O-O Be7
9.a4 Nc6 10.Nxc6 bxc6 11.g4 O-O 12.g5 Nd7 13.f4 Re8 14.Kh1 Rb8 15.Qh5 Bf8
16.Nd1 g6 17.Qh4 Bg7 18.Ra3 f5 19.gxf6 Bxf6 20.Qh3 Bg7 21.Rg3 d5 22.b3 dxe4
23.Bb2 c5 24.Bxg7 Kxg7 25.Nf2 Nf6 26.Nxe4 Nxe4 27.Bxe4 Bb7 28.Qg2 Bxe4 29.Qxe4 Rf8
30.Qxe6 Rxf4 31.Rxf4 Qxf4 32.Qe7+ Kh8 33.Qe2 Rf8 34.Re3 h5 35.Re4 Qf5 36.Re5 Qf3+
37.Kg1 Qxe2  0-1

[Event "Sas van Gent op U20"]
[Site "Sas van Gent"]
[Date "1996.??.??"]
[Round "1"]
[White "Pater, Evelien"]
[Black "Bekker Jensen, David"]
[Result "0-1"]
[WhiteElo "1855"]
[BlackElo "2200"]

1.e4 c5 2.Nf3 d6 3.d4 cxd4 4.Nxd4 Nf6 5.Nc3 a6 6.g3 e5 7.Nde2 b5 8.Bg2 Bb7
9.O-O Be7 10.h3 O-O 11.f4 Nbd7 12.Nd5 Nxd5 13.exd5 Qb6+ 14.Kh2 Nf6 15.Qd3 Rfe8
16.Be3 Qd8 17.Nc3 b4 18.Na4 a5 19.Rf2 e4 20.Bxe4 Ba6 21.Qd4 Nxe4 22.Qxe4 Bf6
23.Qf3 Bb5 24.Nb6 Rb8 25.c4 bxc3 26.bxc3 Rxb6 27.Bxb6 Qxb6 28.Rb1 Qc5 29.Rfb2 Bd7
30.Rb8 Rc8 31.Qe2 g6 32.Rxc8+ Qxc8 33.c4 Bxh3 34.Qe3 Bg4 35.Rb6 Qxc4 36.Rxd6 Qc2+
37.Kg1 Qd1+ 38.Kh2 Bd4  0-1

[Event "Solin"]
[Site "Solin"]
[Date "1996.??.??"]
[Round "6"]
[White "Roschina, Tatiana"]
[Black "Lutz, Christopher"]
[Result "0-1"]
[WhiteElo "2315"]
[BlackElo "2555"]

1.e4 c5 2.Nf3 d6 3.d4 cxd4 4.Nxd4 Nf6 5.Nc3 a6 6.g3 e5 7.Nde2 Nbd7 8.Bg2 b5
9.a3 Bb7 10.h3 Nb6 11.O-O Be7 12.b3 O-O 13.Bb2 Rc8 14.Qd2 Rc5 15.g4 Qc7 16.Qe3 Rc8
17.Rab1 h6 18.Ba1 Nfd7 19.Rbd1 Nf8 20.f4 Ng6 21.f5 Nf4 22.Nxf4 exf4 23.Qf2 Bf6
24.Ne2 Bxa1 25.Rxa1 Rxc2 26.Rfe1 d5 27.Rac1 f3 28.Rxc2 Qxc2 29.Qxb6 fxe2
30.Qxb7 Qc1 31.Qxc8+ Qxc8 32.Rxe2 d4 33.Bf1 Qc1 34.Rf2 d3 35.Kg2 d2 36.Be2 d1=Q
37.Bxd1 Qxd1 38.b4 Qd3 39.Rf3 Qxe4 40.Kg3 Kf8 41.Kf2 Qe5 42.Rg3 Qb2+ 43.Ke1 Qh2
44.Rf3 Ke7 45.Rc3 Kd6 46.Re3 Kd5  0-1

[Event "RUS-Cup1 Chigorin mem"]
[Site "St Petersburg"]
[Date "1996.??.??"]
[Round "4"]
[White "Budko, S."]
[Black "Klimov, Sergey"]
[Result "1/2-1/2"]
[WhiteElo "2230"]
[BlackElo "2400"]

1.e4 c5 2.Nf3 d6 3.d4 cxd4 4.Nxd4 Nf6 5.Nc3 a6 6.g3 Nc6 7.Bg2 Bd7 8.O-O e6
9.Kh1 Be7 10.g4 Nxd4 11.Qxd4 e5 12.Qd3 Bxg4 13.Bg5 O-O 14.Bxf6 Bxf6 15.f3 Be6
16.Rad1 Be7 17.Nd5 Rc8 18.c3 Bg5 19.Rf2 Bh6 20.Rc2 Qh4 21.Bf1 Kh8 22.Bg2 Rcd8
23.c4 f5 24.b3 fxe4 25.fxe4 Rf7 26.Qg3 Qh5 27.Qd3 Rdf8 28.Rg1 Rf2 29.Rxf2 Rxf2
30.Rf1 Rf7 31.Rxf7 Qxf7 32.Qf3 Kg8 33.Qxf7+ Kxf7 34.Bf3 Bc1 35.Kg2 g5 36.Bh5+ Kg7
37.h3 Ba3 38.Bg4 Bf7 39.Bc8 Bh5 40.Bxb7 a5 41.Bc8 Bd1 42.Bg4 Bc2 43.Bf3 Bb4
44.Kg3 Bb1 45.a3 Bxa3 46.Nc3 Bc2 47.Bd1 Bb4 48.Bxc2 Bxc3 49.Bd1 Kg6 50.Bg4 h5
51.Be2 Bd2 52.Kf3 Kf6 53.Kf2 g4 54.hxg4 h4 55.Bf1 Bg5 56.Ke2 Ke7 57.Kd3 Kd7
58.Kc3 Kc6 59.Bh3 Kc5 60.Bf1 Bf4 61.Bh3 Bh6 62.Bg2  1/2-1/2

[Event "SWE-chT 9596"]
[Site "?"]
[Date "1996.??.??"]
[Round "?"]
[White "Lukez, Franko"]
[Black "Hultin, Johan"]
[Result "1-0"]
[WhiteElo "2320"]
[BlackElo "2300"]

1.e4 c5 2.Nf3 d6 3.d4 cxd4 4.Nxd4 Nf6 5.Nc3 a6 6.g3 e5 7.Nde2 Be7 8.Bg2 Nbd7
9.O-O b5 10.Nd5 Bb7 11.a4 Nc5 12.Nxf6+ gxf6 13.Nc3 Nxa4 14.Nxa4 bxa4 15.Rxa4 Qd7
16.b3 Bc6 17.Ra1 f5 18.exf5 Bxg2 19.Kxg2 Qxf5 20.Qd5 O-O 21.c4 Qe6 22.Rd1 Rfb8
23.Qxe6 fxe6 24.Ba3 Rd8 25.Rd3 Rac8 26.Re1 Kf7 27.c5 dxc5 28.Rf3+ Bf6 29.Rxe5 Rd5
30.Bb2 Rc6  1-0

[Event "CRO-chT"]
[Site "Tucepi"]
[Date "1996.??.??"]
[Round "?"]
[White "Mihevc, Narcisa"]
[Black "Roschina, Tatiana"]
[Result "1/2-1/2"]
[WhiteElo "2250"]
[BlackElo "2315"]

1.e4 c5 2.Nf3 d6 3.d4 cxd4 4.Nxd4 Nf6 5.Nc3 a6 6.g3 e5 7.Nde2 Be7 8.a4 b6
9.Bg2 Bb7 10.h3 b5 11.axb5 axb5 12.Rxa8 Bxa8 13.Bg5 Nbd7 14.Bxf6 Nxf6 15.O-O O-O
16.f4 b4 17.Nd5 Nxd5 18.exd5 Qb6+ 19.Kh2 f5 20.c3 bxc3 21.bxc3 e4 22.Qd2 Rc8
23.Nd4 g6 24.g4 Bf6 25.gxf5 Bxd4 26.cxd4 gxf5 27.Qd1 Rf8 28.Qh5 Bxd5 29.Rg1 Kh8
30.Qh6 Rf7 31.Qg5 Qb8 32.Bf1 Qf8 33.Qh4 Qe7 34.Qh5 Qf6 35.Qd1 Qh4 36.Qd2 Ra7
37.Bg2 Ra3 38.Qc1 Qg3+ 39.Kh1 Rc3 40.Qf1 Qe3 41.Qb1 Rb3 42.Qc2 Qc3 43.Qd1 Bf7
44.d5 h6 45.Kh2 Kh7 46.Kh1 Rb5 47.Qa4 Rxd5 48.Qa7 Qf6 49.Rc1 Rd2 50.Rc7 Rd1+
51.Kh2 Kg6 52.Qe3 Qh4 53.Bxe4 fxe4 54.Qxe4+ Kg7 55.Qg2+ Kf8 56.Rc8+ Be8 57.Rxe8+ Kxe8
58.Qe2+ Kd7 59.Qxd1 Qxf4+ 60.Kg2 Ke6 61.Qe2+ Kf5 62.Qb5+ Ke4 63.Qb4+ Ke5
64.Qc3+ Qd4 65.Qg3+ Qf4  1/2-1/2

[Event "JUG-chT"]
[Site "Vrnjacka Banja"]
[Date "1996.??.??"]
[Round "?"]
[White "Marinkovic, Slavisa"]
[Black "Narandzic, Vlado"]
[Result "1-0"]
[WhiteElo "2405"]
[BlackElo "2380"]

1.e4 c5 2.Nf3 d6 3.d4 cxd4 4.Nxd4 Nf6 5.Nc3 a6 6.g3 e5 7.Nb3 Be7 8.Bg2 O-O
9.O-O Be6 10.a4 Re8 11.h3 Nbd7 12.a5 Rc8 13.Be3 Qc7 14.Qd2 Red8 15.Rfc1 Nc5
16.Nxc5 dxc5 17.Qe2 Qc6 18.f4 Qc7 19.Na4 Qxa5 20.f5 Bd7 21.Nxc5 Qc7 22.b4 Bc6
23.c4 Bxc5 24.Bxc5 b6 25.Bf2 Qb7 26.Re1 b5 27.c5 Rd7 28.g4 h6 29.h4 Rcd8
30.Ra2 Rd3 31.g5 Nh7 32.Qg4 hxg5 33.hxg5 Rd2 34.Ra3 R8d3 35.Rxd3 Rxd3 36.Be3 Qd7
37.Qg3 Rb3 38.Qxe5 Rxb4 39.Qd6 Nf8 40.Bf4 Qb7 41.g6 fxg6 42.fxg6 Bxe4 43.c6 Qxc6
44.Bxe4 Rxe4 45.Qxc6 Rxe1+ 46.Kh2 Re6 47.Qd5 Kh8 48.Qd8 Kg8 49.Bd6 Rxg6 50.Bxf8  1-0

[Event "JUG-chT"]
[Site "Vrnjacka Banja"]
[Date "1996.??.??"]
[Round "?"]
[White "Marinkovic, Slavisa"]
[Black "Djoric, Dusan"]
[Result "1/2-1/2"]
[WhiteElo "2405"]
[BlackElo "2355"]

1.e4 c5 2.Nf3 d6 3.d4 cxd4 4.Nxd4 Nf6 5.Nc3 a6 6.g3 g6 7.Bg2 Bg7 8.O-O O-O
9.a4 Nc6 10.Nde2 Rb8 11.Nd5 b5 12.axb5 axb5 13.Bg5 Ng4 14.c3 h6 15.Bd2 Nge5
16.Nd4 Nxd4 17.cxd4 Nc6 18.Be3 e5 19.dxe5 dxe5 20.Qd2 Kh7 21.f4 exf4 22.gxf4 Be6
23.Bc5 Re8 24.e5 Ne7 25.Bd6 Nxd5 26.Bxd5 Bxd5 27.Qxd5 Qd7 28.Ra3 Rbc8 29.Rg3 Qf5
30.Qxb5 Red8 31.Qd3 Qxd3 32.Rxd3 g5 33.Rb3 gxf4 34.Rxf4 Rc2 35.Rxf7 Kg6 36.Rf1 Rd7
37.Rg3+ Kh7 38.b4 Re2 39.Rf5 Ra7 40.Rg2 Re4 41.h3 Re1+ 42.Kh2 Kh8 43.b5 Rb7
44.Rb2 Kh7 45.Kg2 Kg6 46.Rf1 Bxe5 47.Rxe1 Bxb2 48.Re6+ Kf7 49.Rxh6 Rxb5 50.Bf4 Bf6
51.h4 Rf5 52.Be3 Re5 53.Kf3 Kg7 54.Rxf6 Rxe3+ 55.Kxe3 Kxf6 56.h5 Kg5 57.h6 Kg6
58.h7 Kg7 59.h8=Q+ Kxh8  1/2-1/2

[Event "Warsaw op (Women)"]
[Site "Warsaw"]
[Date "1996.??.??"]
[Round "3"]
[White "Cosma, Elena Luminita"]
[Black "Blazkova, Petra"]
[Result "1-0"]
[WhiteElo "2295"]
[BlackElo "2180"]

1.e4 c5 2.Nf3 d6 3.d4 cxd4 4.Nxd4 Nf6 5.Nc3 a6 6.g3 e5 7.Nde2 Be7 8.a4 b6
9.Bg2 Nbd7 10.h3 Nc5 11.g4 Bb7 12.Ng3 O-O 13.O-O Re8 14.Be3 Bf8 15.Qd2 Rc8
16.Rfd1 b5 17.axb5 axb5 18.b4 Na6 19.Nxb5 d5 20.exd5 Bxb4 21.c3 Bc5 22.g5 Nd7
23.Ne4 Nb6 24.Bxc5 Nxc5 25.Ned6 Ba6 26.Rxa6 Nxa6 27.Nxe8 Nc4 28.Qa2 Qb6 29.Bf1 Qg6
30.Bxc4 Qxg5+ 31.Kf1 Qh4 32.Ned6 Qxh3+ 33.Ke1 Ra8 34.Qe2 Qh2 35.Qf3  1-0

[Event "Warsaw op (Women)"]
[Site "Warsaw"]
[Date "1996.??.??"]
[Round "8"]
[White "Cosma, Elena Luminita"]
[Black "Litinskaya, Marta I"]
[Result "1-0"]
[WhiteElo "2295"]
[BlackElo "2355"]

1.e4 c5 2.Nf3 d6 3.d4 cxd4 4.Nxd4 Nf6 5.Nc3 a6 6.g3 b6 7.Bg2 Bb7 8.O-O Nbd7
9.Re1 e6 10.e5 dxe5 11.Bxb7 exd4 12.Bxa8 Qxa8 13.Qxd4 Bc5 14.Qd1 O-O 15.Bg5 Rd8
16.Qe2 Bd4 17.Rad1 Ne5 18.Rxd4  1-0

[Event "Yalta op"]
[Site "Yalta"]
[Date "1996.??.??"]
[Round "10"]
[White "Zakharchenko, Arnold"]
[Black "Baklan, Vladimir"]
[Result "0-1"]
[WhiteElo "2315"]
[BlackElo "2490"]

1.e4 c5 2.Nf3 d6 3.d4 cxd4 4.Nxd4 Nf6 5.Nc3 a6 6.g3 e6 7.Bg2 Be7 8.O-O O-O
9.f4 Qc7 10.g4 Nc6 11.Nxc6 bxc6 12.g5 Nd7 13.f5 Re8 14.Kh1 g6 15.f6 Bf8 16.Bf4 Nb6
17.b3 Bb7 18.Qe1 c5 19.Rd1 Red8 20.Rd3 c4 21.Rh3 cxb3 22.cxb3 h6 23.gxh6 Kh7
24.Qf2 Rac8 25.Rd1 Nd7 26.Bd2 Qc5 27.Qe2 Qe5 28.Rf1 Rc7 29.Bf4 Qa5 30.Nd1 Qb5
31.Rd3 Nc5 32.Re3 e5 33.Bg5 Ne6 34.Qg4 Rc2 35.a4 Qc5 36.h4 Nf4 37.Bxf4 exf4
38.Re2 Rxe2 39.Qxe2 Bxh6 40.Nf2 Rc8 41.Nd3 Qe3 42.Qxe3 fxe3 43.Rc1 Rxc1+
44.Nxc1 Bf4 45.e5 Bxg2+ 46.Kxg2 Bxe5 47.Kf3 Bxf6 48.Kxe3 Kh6 49.Nd3 Kh5 50.b4 Kxh4
51.b5 axb5 52.axb5 Bd8 53.Nb4 Kg3 54.Nd5 f5 55.Ke2 g5 56.b6 Bxb6 57.Nxb6 Kg2
58.Nd5 f4 59.Ke1 f3 60.Ne3+ Kg1 61.Ng4 d5 62.Nf2 d4 63.Nh3+ Kg2 64.Nf2 d3
65.Nxd3 g4 66.Nf4+ Kg1 67.Kd2 f2  0-1

[Event "Yerevan ol (Men)"]
[Site "Yerevan"]
[Date "1996.??.??"]
[Round "4"]
[White "Hernandez, Alexander"]
[Black "Danner, Georg"]
[Result "0-1"]
[WhiteElo "2265"]
[BlackElo "2375"]

1.e4 c5 2.Nf3 d6 3.d4 cxd4 4.Nxd4 Nf6 5.Nc3 a6 6.g3 e5 7.Nde2 b5 8.Bg2 Bb7
9.O-O Nbd7 10.Nd5 Be7 11.Nec3 O-O 12.Be3 Rc8 13.Qe2 Nxd5 14.Nxd5 Bxd5 15.exd5 Nb6
16.b3 Bg5 17.f4 exf4 18.Bxf4 Rc5 19.Rad1 Bxf4 20.Rxf4 Nd7 21.c4 Re8 22.Qf2 bxc4
23.Rxc4 Rxc4 24.bxc4 Qc7 25.Bf1 g6 26.Re1 Rxe1 27.Qxe1 Ne5 28.Kg2 Qb6 29.Qd2 a5
30.Qc2 Ng4 31.Qe2 h5 32.h3 Ne5 33.Qc2 Qd4 34.Be2 Qe3 35.a4 Kg7 36.Bd1 Nd3
37.Qe2 Qxe2+ 38.Bxe2 Nb2 39.c5 Nxa4 40.cxd6 Kf8 41.d7 Ke7 42.d6+ Kd8 43.Bc4 f6
44.h4 Nc3 45.Bf7 a4 46.Bxg6 a3 47.Bf7 Kxd7 48.Kf3 Kxd6 49.Bb3 Ke5 50.g4 hxg4+
51.Kxg4 f5+ 52.Kf3 a2 53.Bxa2 Nxa2 54.h5 Nc3 55.h6 Ne4 56.h7 Ng5+  0-1

[Event "Yerevan ol (Women)"]
[Site "Yerevan"]
[Date "1996.??.??"]
[Round "9"]
[White "Cosma, Elena Luminita"]
[Black "Wang Pin"]
[Result "1/2-1/2"]
[WhiteElo "2270"]
[BlackElo "2345"]

1.e4 c5 2.Nf3 d6 3.d4 cxd4 4.Nxd4 Nf6 5.Nc3 a6 6.g3 e6 7.Bg2 Bd7 8.O-O Nc6
9.a4 Be7 10.Nb3 O-O 11.Be3 Na5 12.Nxa5 Qxa5 13.Qd2 Qc7 14.a5 Bc6 15.Bb6 Qd7
16.Rad1 Qc8 17.Rfe1 Nd7 18.Be3 Qc7 19.Ra1 Rac8 20.f4 b5 21.axb6 Nxb6 22.Qd4 Nd7
23.Rxa6 Nc5 24.Ra2 Bf6 25.Qd2 Bxc3 26.Qxc3 Nxe4 27.Bxe4 Bxe4 28.Qxc7 Rxc7
29.Bb6 Rc4 30.b3 Rxc2 31.Rxc2 Bxc2 32.b4 d5 33.Rc1 Bd3 34.Rc7 Re8 35.Kf2 f6
36.Rd7 Bb5 37.Rd8 Rxd8 38.Bxd8 d4 39.Bb6 d3 40.Ke3 Kf7 41.Bc5 Kg6 42.Bf8 e5
43.fxe5 fxe5 44.h4 h5 45.Bd6 Kf5 46.Bc7 Ke6 47.Bb8 Kd5 48.Bc7 e4 49.Kd2 Kc4
50.Be5 g6 51.Bf4 Kxb4 52.Bg5 Kc4 53.Be3 Kd5 54.Bf4 Kd4 55.Be3+ Ke5 56.Bf4+ Kf5
57.Ke3 Kg4 58.Kf2 Bc6 59.Bg5 Kf5 60.Bf4 Ke6 61.Ke3 Kd5 62.Bg5 Kc4 63.Kd2 Kd4
64.Be3+ Ke5 65.Bf4+ Kf5 66.Ke3 Bd5 67.Kf2 Kg4 68.Bg5 Be6 69.Bf4  1/2-1/2

[Event "Yerevan ol (Men)"]
[Site "Yerevan"]
[Date "1996.??.??"]
[Round "11"]
[White "Svidler, Peter"]
[Black "Novikov, Igor A"]
[Result "1/2-1/2"]
[WhiteElo "2650"]
[BlackElo "2585"]

1.e4 c5 2.Nf3 d6 3.Nc3 a6 4.d4 cxd4 5.Nxd4 Nf6 6.g3 e5 7.Nde2 b5 8.Bg5 Nbd7
9.Nd5 Bb7 10.Nec3 Be7 11.Nxf6+  1/2-1/2

[Event "Yerevan ol (Women)"]
[Site "Yerevan"]
[Date "1996.??.??"]
[Round "14"]
[White "Epstein, Esther"]
[Black "Tamin, Upi Darmayana"]
[Result "0-1"]
[WhiteElo "2245"]
[BlackElo "2175"]

1.e4 c5 2.Nf3 d6 3.d4 cxd4 4.Nxd4 Nf6 5.Nc3 a6 6.g3 g6 7.Bg2 Bg7 8.O-O O-O
9.h3 Qc7 10.Be3 Nc6 11.Nde2 b5 12.Rc1 Bb7 13.a3 Rac8 14.f4 e6 15.g4 Na5 16.b3 Nd7
17.Bd2 Nc6 18.Be1 Ne7 19.Kh1 Rfe8 20.Nd4 Qc5 21.Nce2 Qxa3 22.b4 Rc4 23.Ra1 Rxd4
24.Nxd4 Qe3 25.c3 Bxe4 26.Bxe4 Qxe4+ 27.Qf3 Qxf3+ 28.Rxf3 Nb8 29.Rd1 Nc8
30.Nc2 d5 31.Bf2 Nd6 32.Bd4 Bf8 33.Bc5 Nd7 34.Ra1 Nxc5 35.bxc5 Ne4 36.c6 Nc5
37.Nb4 Ra8 38.f5 h5 39.fxe6 fxe6  0-1

[Event "Wch U20"]
[Site "Zagan"]
[Date "1997.07.17"]
[Round "4"]
[White "Stojanovic, Mihajlo"]
[Black "Bates, Richard"]
[Result "0-1"]
[WhiteElo "2470"]
[BlackElo "2345"]

1.e4 c5 2.Nf3 d6 3.d4 cxd4 4.Nxd4 Nf6 5.Nc3 a6 6.g3 e5 7.Nde2 Nbd7 8.a4 b6
9.Bg2 Bb7 10.h3 h5 11.Bg5 Be7 12.O-O O-O 13.Qd2 Rc8 14.Rfd1 Rc4 15.Qd3 Rc7
16.Qe3 Rc5 17.Qd3 Qa8 18.Rac1 Rfc8 19.h4 Bf8 20.Bh3 R8c7 21.Bxd7 Nxd7 22.Nd5 Bxd5
23.exd5 b5 24.Nc3 b4 25.Ne4 Rc4 26.c3 bxc3 27.Nxc3 Qb7 28.Qe2 g6 29.Be3 Rb4
30.Rc2 Nb6 31.Rdc1 Kg7 32.Bxb6 Qxb6 33.Nd1 Rxc2 34.Qxc2 Qd4 35.Nc3 Be7 36.Qe2 Bd8
37.Qxa6 Rxb2 38.Nd1 Bb6 39.Nxb2 Qxf2+ 40.Kh1 Qf3+ 41.Kh2 Bf2 42.Qf1 Bxg3+
43.Kg1 Qe3+ 44.Kh1 Qd2 45.Qg1 Qxb2 46.Rf1 Qe2 47.a5 Qe4+ 48.Qg2 Qxh4+ 49.Kg1 Qd4+
50.Kh1 Qh4+ 51.Kg1 Bf4 52.Qf2 Qh3 53.Re1 Qc3 54.Kg2 Qxa5 55.Rd1 Qc3 56.Rf1 Kh6
57.Rd1 Qb3 58.Qf3 Qc2+ 59.Kf1 Kg7 60.Ra1 Qf5 61.Re1 Kf6 62.Kg2 Qg4+  0-1

[Event "Wch U20 Girls"]
[Site "Zagan"]
[Date "1997.07.17"]
[Round "4"]
[White "Polovnikova, Ekaterina"]
[Black "Vajda, Szidonia"]
[Result "0-1"]
[WhiteElo "2270"]
[BlackElo "2355"]

1.e4 c5 2.Nf3 d6 3.d4 Nf6 4.Nc3 cxd4 5.Nxd4 a6 6.g3 e5 7.Nde2 Qc7 8.Bg2 b5
9.a4 b4 10.Na2 a5 11.c3 Na6 12.Bg5 Be7 13.O-O Bb7 14.Rc1 Qb6 15.Be3 Nc5 16.cxb4 axb4
17.Rc4 Qa6 18.Rxb4 Bxe4 19.Bxe4 Ncxe4 20.f3 Nc5 21.Bxc5 dxc5 22.Rb5 O-O 23.Nac3 Qc6
24.Qc2 Rfe8 25.Ne4 Nd5 26.Rc1 Nc7 27.Rb3 Qxa4 28.Nd2 Bg5 29.Rd3 Ne6 30.Qxa4 Rxa4
31.Rc2 Ra1+ 32.Kf2 Nd4 33.Nxd4 exd4 34.f4 Be7 35.Nc4 Bf8 36.Ne5 f6 37.Nd7 Ra5
38.Nb6 Ra1 39.Nd7 Ra5 40.Nb6 Kf7 41.Nc4 Ra1 42.Nb6 Rh1 43.Kg2 Rhe1 44.Kf2 R1e3
45.Rcd2 Rxd3 46.Rxd3 Rb8 47.Nc4 Ke6 48.Kf3 Kd5 49.Ne3+ Kc6 50.Nc4 Rb4 51.b3 Rb8
52.h3 Bd6 53.Ke4 Re8+ 54.Kf3 Bc7 55.Kf2 Ra8 56.Kf3 Ba5 57.Rd1 Bc3 58.Ke4 Ra2
59.Rg1 Re2+ 60.Kd3 Rh2 61.h4 Kb5 62.Na3+ Kb4 63.Nc4 Kxb3 64.Rb1+ Bb2 65.Rg1 Rf2
66.Nd2+ Rxd2+ 67.Kxd2 c4 68.Rg2 Bc3+ 69.Kd1 d3 70.g4 Bb4 71.Rg3 Kb2  0-1

[Event "Wch U20"]
[Site "Zagan"]
[Date "1997.07.19"]
[Round "6"]
[White "Baklan, Vladimir"]
[Black "Vajda, Levente"]
[Result "1-0"]
[WhiteElo "2570"]
[BlackElo "2445"]

1.e4 c5 2.Nf3 d6 3.d4 Nf6 4.Nc3 cxd4 5.Nxd4 a6 6.g3 e5 7.Nde2 Be6 8.Bg2 Be7
9.h3 b5 10.g4 b4 11.Nd5 Nxd5 12.exd5 Bc8 13.Ng3 O-O 14.a3 Bh4 15.O-O Bxg3
16.fxg3 f5 17.gxf5 Bxf5 18.axb4 Qb6+ 19.Kh1 Qxb4 20.c3 Qb7 21.Qh5 Bg6 22.Rxf8+ Kxf8
23.Qg4 Bf7 24.Qc4 Be8 25.Be3 Kg8 26.b4 h5 27.Qh4 Qc7 28.c4 Nd7 29.c5 Nf6
30.Bg5 dxc5 31.d6 Qc8 32.Bxf6 gxf6 33.Qxf6 Ra7 34.Rf1 Bc6 35.Rf5 Rg7 36.Bxc6 Qxc6+
37.Kh2 Qe4 38.Qd8+ Kh7 39.Rxh5+ Kg6 40.Qg5+ Kf7 41.Qe7+  1-0

[Event "Lost Boys op"]
[Site "Antwerp"]
[Date "1997.08.03"]
[Round "2"]
[White "Georgiev, Kiril"]
[Black "Van Beers, Eddy"]
[Result "1-0"]
[WhiteElo "2670"]
[BlackElo "2275"]

1.e4 c5 2.Nf3 d6 3.d4 cxd4 4.Nxd4 Nf6 5.Nc3 a6 6.g3 e5 7.Nde2 b5 8.Bg2 Be7
9.h3 Bb7 10.a3 O-O 11.g4 Nbd7 12.Ng3 Nc5 13.g5 Ne8 14.h4 g6 15.Nd5 f6 16.gxf6 Nxf6
17.h5 Ne6 18.hxg6 hxg6 19.Rh6 Kf7 20.Nxf6 Bxf6 21.Qg4 Rg8 22.Be3 Bc8 23.Qf3 Rh8
24.Rxh8 Qxh8 25.O-O-O Ke7 26.Nf5+ gxf5 27.exf5 e4 28.Qxe4 Bxb2+ 29.Kb1 Bxa3
30.Bd4 d5 31.Qe3 Qh5 32.Qxa3+ Ke8 33.Re1 Qxf5 34.Bh3 Qg6 35.Qd6 Kf7 36.Qxd5 Rb8
37.Bf5 Qh6 38.Ba7  1-0

[Event "Schwarzach op-B"]
[Site "Schwarzach"]
[Date "1997.08.27"]
[Round "5.6"]
[White "Hasewend, Wolfgang"]
[Black "Stadlober, Gerold"]
[Result "0-1"]
[WhiteElo "1773"]
[BlackElo "1829"]

1.e4 c5 2.Nf3 d6 3.d4 cxd4 4.Nxd4 Nf6 5.Nc3 a6 6.g3 e6 7.Bg2 Be7 8.h3 Qc7
9.Qd3 Nbd7 10.Be3 Nc5 11.Qd2 O-O 12.g4 Rd8 13.g5 Ne8 14.h4 Rb8 15.f4 b5 16.b4 Nd7
17.e5 Nxe5 18.Nd1 Nc4 19.Qe2 d5 20.h5 Bxb4+ 21.Kf1 Bd6 22.g6 fxg6 23.hxg6 hxg6
24.f5 Nxe3+ 25.Nxe3 Qc3 26.Rd1 gxf5 27.Rd3 Qc5 28.Ndxf5 exf5 29.Nxf5 Nf6
30.Rdh3 Bxf5  0-1